LEADER 00972nam a2200229 i 4500 001 000000133944 003 CaOOAMICUS 005 20050119000000.0 008 050119s1952 it u000 u ita u 013 $a106965 040 $aSeMil$bita 245 10$aPoeti minori del trecento /$cA cura di Natalino Sapegno. 260 $aMilano ; Napoli :$bRicciardi,$c1952. 300 $aXVII, 1179 p. ;$c23 cm. 490 0 $aLa letteratura italiana : storia e testi ;$v10 650 4$aLetteratura italiana - Sec. 14.$0(OLS)http://semarc/subject/6319 700 1 $aSapegno, Natalino,$d<1901-1990>.$0(OLS)http://semarc/name/1389 830 3$aLa letteratura italiana : storia e testi ;$v10.$0(OLS)http://semarc/title/220 850 $aSeMil 852 $aSeMil$W1$xVenegono$y1$m1E I 160$j87731$B87731$CSeMilBibl$Z2$F91730 $81 996 $6245$aPoeti minori del trecento$9(OLS)http://semarc/title/195980 996 $6260$aMilano ; Napoli :$bRicciardi$9(OLS)http://semarc/publisher/29956 LEADER 01065nam a2200277 i 4500 001 000000171582 003 CaOOAMICUS 005 20080506000000.0 008 080506s2007 it u000 u ita u 013 $a149013 020 $a978-88-07-81021-3 040 $aSeMil$bita 100 1 $aAllende, Isabel,$d<1942- >.$0(OLS)http://semarc/name/47452 240 10$aDe amor y de sombra.$0(OLS)http://semarc/title/245493 245 10$aD'amore e ombra /$cIsabel Allende. 250 $a54 Ed. 260 $aMilano :$bFeltrinelli,$c2007. 300 $a244 p. ;$c20 cm. 490 0 $aUniversale economica Feltrinelli ;$v1021 830 0$aUniversale economica ;$v1021.$0(OLS)http://semarc/title/11224 850 $aSeMil 852 $aSeMil$W1$xVenegono$y1$m1T III 27$j239609$B122451$CSeMilBibl$Z2$F133935 $81 961 $aOmaggio: Ghiringhelli prof. Livio 996 $6020$a978-88-07-81021-3$9(OLS)http://semarc/number/158721 996 $6245$aD'amore e ombra$9(OLS)http://semarc/title/245492 996 $6260$aMilano :$bFeltrinelli$9(OLS)http://semarc/publisher/30237 LEADER 01325nam a2200265 i 4500 001 000000043031 003 CaOOAMICUS 005 20230707103953.0 008 140331s1993 gw u000 u ger u 020 $a3-525-53842-1 040 $aSeMil$bita 100 1 $aSteck, Odil Hannes.$0(OLS)http://semarc/name/21352 245 14$aDas apokryphe Baruchbuch :$bStudien zu Rezeption und Konzentration »kanonischer« Überlieferung /$cOdil Hannes Steck. 260 $aGöttingen :$bVandenhoeck & Ruprecht,$c1993. 300 $aXI, 340 p. ;$c24 cm. 490 0 $aForschungen zur Religion und Literatur des Alten und Neuen Testaments ;$v160 650 4$aBibbia - Apocrifi AT - Apocalisse di Baruc.$0(OLS)http://semarc/subject/12485 830 0$aForschungen zur Religion und Literatur des Alten und Neuen Testaments ;$v160.$0(OLS)http://semarc/title/298 850 $aSeMil 852 $aSeMil$W1$xVenegono$y1$m2XA S 160$j242071$B9186$CSeMilBibl$Z2$F9186 $81 961 $aAcquisto: Casa editrice 996 $6020$a3-525-53842-1$9(OLS)http://semarc/number/14502 996 $6245$aDas apokryphe Baruchbuch :$bStudien zu Rezeption und Konzentration »kanonischer« Überlieferung$9(OLS)http://semarc/title/63037 996 $6260$aGöttingen :$bVandenhoeck & Ruprecht$9(OLS)http://semarc/publisher/29697